|
|
|
|
| LEADER |
00000nab a2200000ua 4500 |
| 001 |
vtls010763573 |
| 003 |
SK-MaSNL |
| 005 |
20260304200349.0 |
| 008 |
250718s1972 xo |||||||||||||||||slo| |
| 035 |
|
|
|a (urnnbn)urn:nbn:sk:snk:ar-a01mf5
|
| 035 |
|
|
|a (uuid)16b46563-bdc5-4158-8e50-d34edfbf8aca
|
| 035 |
|
|
|a urn:nbn:sk:snk-ab4fbj
|
| 040 |
|
|
|a SNKBUCL
|b slo
|c SNKBUCL
|e AACR2
|
| 041 |
0 |
|
|a cze
|
| 044 |
|
|
|a xo
|c SK
|
| 100 |
1 |
|
|a Novotňák, M.
|4 aut
|9 1531628
|
| 245 |
1 |
0 |
|a Věnujme pozornost řešetláku počistivému
|c M. Novotňák
|
| 773 |
0 |
|
|t Naše liečivé rastliny
|g Roč. 9, č. 4 (1972), s. 115-116
|
| 850 |
|
|
|a Slovenská národná knižnica
|
| 852 |
|
|
|a Slovenská národná knižnica
|
| 954 |
|
|
|a odborná, vedecká literatúra pôvodná (slovenská)
|2 lita
|
| 954 |
|
|
|a odborná, vedecká literatúra cudzojazyčná (svetová)
|2 lita
|
| 958 |
|
|
|a article3
|
| 958 |
|
|
|a OND
|
| 958 |
|
|
|a EUIPO
|
| 999 |
|
|
|c 3087696
|d 3089626
|